| 000 | 00356nam a22001457a 4500 | ||
|---|---|---|---|
| 020 | _a9788131704417 | ||
| 082 | _a530.12 LIB | ||
| 100 |
_aLiboff, Richard _9166 |
||
| 245 | _aINTRODUCTION QUANTUM MECHANICS | ||
| 250 | _a4th | ||
| 260 |
_aIndia _bPearson _c2018 |
||
| 300 | _axvii,878 P | ||
| 650 |
_aIntroduction Quantum Mechanics _969600 |
||
| 942 | _cBK | ||
| 999 |
_c576817 _d576817 |
||